000 00285nam a22001217a 4500
008 170131b xxu||||| |||| 00| 0 eng d
041 _aeng
080 _224TH
_a61
100 _a3
101 _ashm
245 _aILLUSTRATED STEDMAN'S MEDICAL DICTIONARY
_cSTEDMAN, TH.L
942 _2udc
_cBK
999 _c4124
_d4124